|
|
|
|
| LEADER |
01792nam a2200433 i 4500 |
| 001 |
EBC4790081 |
| 003 |
MiAaPQ |
| 005 |
20200520144314.0 |
| 006 |
m o d | |
| 007 |
cr cnu|||||||| |
| 008 |
170203t20172017nyu ob 001 0 eng d |
| 020 |
|
|
|z 9781138203730
|
| 020 |
|
|
|a 9781315470962 (e-book)
|
| 035 |
|
|
|a (MiAaPQ)EBC4790081
|
| 035 |
|
|
|a (Au-PeEL)EBL4790081
|
| 035 |
|
|
|a (CaPaEBR)ebr11332657
|
| 035 |
|
|
|a (CaONFJC)MIL988819
|
| 035 |
|
|
|a (OCoLC)970635851
|
| 040 |
|
|
|a MiAaPQ
|b eng
|e rda
|e pn
|c MiAaPQ
|d MiAaPQ
|
| 050 |
|
4 |
|a D13
|b .F675 2017
|
| 082 |
0 |
|
|a 907.2
|2 23
|
| 100 |
1 |
|
|a Frland, Tor Egil,
|e author.
|
| 245 |
1 |
0 |
|a Values, objectivity, and explanation in historiography /
|c Tor Egil Frland.
|
| 264 |
|
1 |
|a New York, New York ;
|a London, England :
|b Routledge,
|c 2017.
|
| 264 |
|
4 |
|c 2017
|
| 300 |
|
|
|a 1 online resource (207 pages).
|
| 336 |
|
|
|a text
|2 rdacontent
|
| 337 |
|
|
|a computer
|2 rdamedia
|
| 338 |
|
|
|a online resource
|2 rdacarrier
|
| 490 |
1 |
|
|a Routledge Approaches to History ;
|v 21
|
| 504 |
|
|
|a Includes bibliographical references and index.
|
| 588 |
|
|
|a Description based on print version record.
|
| 590 |
|
|
|a Electronic reproduction. Ann Arbor, MI : ProQuest, 2016. Available via World Wide Web. Access may be limited to ProQuest affiliated libraries.
|
| 650 |
|
0 |
|a Historiography.
|
| 655 |
|
4 |
|a Electronic books.
|
| 776 |
0 |
8 |
|i Print version:
|a Frland, Tor Egil.
|t Values, objectivity, and explanation in historiography.
|d New York, New York ; London, England : Routledge, c2017
|h 194 pages
|k Routledge approaches to history ; 21.
|z 9781138203730
|w 2016051964
|
| 797 |
2 |
|
|a ProQuest (Firm)
|
| 830 |
|
0 |
|a Routledge approaches to history ;
|v 21.
|
| 856 |
4 |
0 |
|u https://ebookcentral.proquest.com/lib/matrademy/detail.action?docID=4790081
|z Click to View
|